|
|
|
|
| LEADER |
01576nam a2200409 i 4500 |
| 001 |
29423 |
| 003 |
BD-DhAAL |
| 005 |
20230525140452.0 |
| 008 |
150728s2014 ii b 001 0 eng |
| 010 |
|
|
|a 2014428107
|
| 020 |
|
|
|a 9780198099819
|
| 020 |
|
|
|a 0198099819
|
| 035 |
|
|
|a (OCoLC)874119797
|
| 035 |
|
|
|a (POOF)34879
|
| 035 |
|
|
|a (NNC)11501283
|
| 040 |
|
|
|a DLC
|b eng
|e rda
|c DLC
|d UKMGB
|d BDX
|d BTCTA
|d DKAGE
|d YDXCP
|d OCLCO
|d OCLCF
|d PUL
|d OCLCQ
|d OCL
|d BD-DhAAL
|
| 041 |
1 |
|
|a eng
|
| 042 |
|
|
|a pcc
|
| 050 |
0 |
0 |
|a PK6482
|b .S3413 2014
|
| 082 |
0 |
4 |
|a 891.5511
|2 23
|
| 100 |
1 |
|
|a Schimmel, Annemarie,
|d 1922-2003,
|e author.
|9 7747
|
| 245 |
1 |
0 |
|a Rumi /
|c Annemarie Schimmel and Paul Bergne.
|
| 260 |
|
|
|a New Delhi :
|b Oxford University Press,
|c 2014
|
| 300 |
|
|
|a xii, 124 pages ;
|c 22 cm.
|
| 490 |
0 |
|
|a Makers of Islamic civilization
|
| 504 |
|
|
|a Includes bibliographical references (pages 108-117) and index.
|
| 541 |
|
|
|e 29423
|
| 546 |
|
|
|a Translated from the German.
|
| 600 |
0 |
0 |
|a Jalāl al-Dīn Rūmī,
|c Maulana,
|d 1207-1273
|x Criticism and interpretation.
|9 13268
|
| 600 |
0 |
0 |
|a Jalāl al-Dīn Rūmī,
|c Maulana,
|d 1207-1273
|x Religion.
|9 13269
|
| 600 |
0 |
7 |
|a Jalāl al-Dīn Rūmī,
|c Maulana,
|d 1207-1273
|2 fast
|9 13270
|
| 650 |
|
7 |
|a Religion
|2 fast
|9 13271
|
| 655 |
|
7 |
|a Criticism, interpretation, etc.
|2 fast
|
| 700 |
1 |
|
|a Bergne, Paul,
|e translator.
|9 13273
|
| 942 |
|
|
|2 ddc
|c BK
|0 1
|
| 999 |
|
|
|c 35077
|d 35077
|
| 952 |
|
|
|0 0
|1 0
|2 ddc
|4 0
|6 891_551100000000000_SCH
|7 0
|9 54981
|a BRACUL
|b BRACUL
|c GEN
|d 2015-07-28
|l 12
|m 77
|o 891.5511 SCH
|p 3010029423
|r 2025-07-08
|s 2025-07-01
|t 1
|w 2015-07-28
|y BK
|